| 000 | 00512nam a22001937a 4500 | ||
|---|---|---|---|
| 005 | 20140307060403.0 | ||
| 008 | 140306b xxu||||| |||| 00| 0 eng d | ||
| 020 | _a978-0-07-175133-9 | ||
| 041 | 0 | _aeng | |
| 080 |
_a311.1 _x(075.8) |
||
| 100 | _aGibilisco, Stan | ||
| 245 |
_aStatistics/ _cGibilisco, Stan |
||
| 250 | _a2 st.ed. | ||
| 260 |
_aNew York: _bMc Graw Hill; _c2011. |
||
| 300 |
_a375 f. : _bme il.; _c23 cm, |
||
| 650 | _2Statistikë | ||
| 650 | _2Konceptet bazë të statistikës | ||
| 942 |
_2udc _cBK |
||
| 999 |
_c407 _d407 |
||